MARC details
| 000 -LEADER |
| fixed length control field |
01220cam a22003251 4500 |
| 001 - CONTROL NUMBER |
| control field |
15725536 |
| 003 - CONTROL NUMBER IDENTIFIER |
| control field |
BDDh-ASL |
| 005 - DATE AND TIME OF LATEST TRANSACTION |
| control field |
20231015030935.0 |
| 008 - FIXED-LENGTH DATA ELEMENTS--GENERAL INFORMATION |
| fixed length control field |
090505s1931 enk 000 0 eng |
| 010 ## - LIBRARY OF CONGRESS CONTROL NUMBER |
| LC control number |
31007060 |
| 040 ## - CATALOGING SOURCE |
| Original cataloging agency |
DLC |
| Transcribing agency |
DLC |
| Modifying agency |
DLC |
| -- |
BDDh-ASL |
| 043 ## - GEOGRAPHIC AREA CODE |
| Geographic area code |
a-ii---- |
| 050 00 - LIBRARY OF CONGRESS CALL NUMBER |
| Classification number |
DS448 |
| Item number |
.I65 1931 |
| 082 ## - DEWEY DECIMAL CLASSIFICATION NUMBER |
| Classification number |
060.54 |
| Item number |
IND |
| 111 2# - MAIN ENTRY--MEETING NAME |
| Meeting name or jurisdiction name as entry element |
Indian Round Table Conference, |
| Location of meeting |
London, |
| Date of meeting or treaty signing |
1930-1931. [from old catalog] |
| 245 10 - TITLE STATEMENT |
| Title |
Indian Round Table Conference, 12th November, 1930-19th January, 1931. |
| Remainder of title |
Proceedings. |
| Statement of responsibility, etc. |
Presented by the Secretary of State for India to Parliament by command of His Majesty. January, 1931. |
| 246 3# - VARYING FORM OF TITLE |
| Title proper/short title |
Proceedings |
| 260 ## - PUBLICATION, DISTRIBUTION, ETC. |
| Place of publication, distribution, etc. |
London, |
| Name of publisher, distributor, etc. |
H.M.Statoinery off., |
| Date of publication, distribution, etc. |
1931. |
| 300 ## - PHYSICAL DESCRIPTION |
| Extent |
513 p. |
| Dimensions |
25 cm. |
| 490 1# - SERIES STATEMENT |
| Series statement |
Great Britain. Parliament. Papers by command |
| Volume/sequential designation |
Cmd. 3778 |
| 500 ## - GENERAL NOTE |
| General note |
Ramsay MacDonald, chairman. |
| 651 #0 - SUBJECT ADDED ENTRY--GEOGRAPHIC NAME |
| Geographic name |
India |
| General subdivision |
Politics and government |
| Chronological subdivision |
1919-1947. |
| 700 1# - ADDED ENTRY--PERSONAL NAME |
| Personal name |
MacDonald, James Ramsay, |
| Dates associated with a name |
1866-1937. |
| 710 1# - ADDED ENTRY--CORPORATE NAME |
| Corporate name or jurisdiction name as entry element |
Great Britain. |
| Subordinate unit |
India Office. |
| 830 #0 - SERIES ADDED ENTRY--UNIFORM TITLE |
| Uniform title |
Cmd. (Great Britain. Parliament) ; |
| Volume/sequential designation |
3778. |
| 906 ## - LOCAL DATA ELEMENT F, LDF (RLIN) |
| a |
0 |
| b |
cbc |
| c |
orignew |
| d |
3 |
| e |
ncip |
| f |
20 |
| g |
y-gencatlg |
| 942 ## - ADDED ENTRY ELEMENTS (KOHA) |
| Source of classification or shelving scheme |
Dewey Decimal Classification |
| Koha item type |
Books |